| 000 | 00516nam a2200217Ia 4500 | ||
|---|---|---|---|
| 008 | 170918s9999 xx 000 0 und d | ||
| 020 | _a9780439555968 | ||
| 050 | _bK641 2004 | ||
| 100 | _aKlein, Abby | ||
| 245 | _aTooth trouble / | ||
| 245 | _cby Abby Klein ; illustrated by John McKinley. | ||
| 260 | _aNew York : | ||
| 260 | _bScholastic, | ||
| 260 | _c2004 | ||
| 300 | _a95 pages : | ||
| 300 | _billustrations ; | ||
| 300 | _c19cm. | ||
| 300 | _eReady, Freddy ; | ||
| 440 | _a1 | ||
| 500 | _a560 | ||
| 999 |
_c343268 _d343268 |
||